El doctor Yivago
Guardat en:
| Autor principal: | |
|---|---|
| Format: | Llibre |
| Idioma: | espanyol |
| Publicat: |
Buenos Aires
Indice
1958
|
| Matèries: | |
| Etiquetes: |
Afegir etiqueta
Sense etiquetes, Sigues el primer a etiquetar aquest registre!
|
MARC
| LEADER | 00000nam a2200000 a 4500 | ||
|---|---|---|---|
| 001 | UCQ7175 | ||
| 003 | CL-VaPUC | ||
| 008 | 981031e19580000AG |||||||||||||||||spa|d | ||
| 082 | 0 | 4 | |a 891.703 |b PAS |2 21 |
| 100 | |a Pasternak, Borís |e autor |9 266793 | ||
| 245 | 1 | 3 | |a El doctor Yivago |
| 300 | |a 466 p | ||
| 942 | |c BK | ||
| 945 | |d 19981031 00:00:00 |a crobeson | ||
| 260 | |a Buenos Aires |b Indice |c 1958 | ||
| 650 | 0 | |a Novelas rusas |9 316330 | |
| 650 | 0 | |a Literatura rusa |9 318370 | |
| 583 | |a last modification |c 19981031 00:00:00 |k Rodrigo Vera | ||
| 999 | |c 276933 |d 276931 | ||
| 952 | |0 0 |1 0 |4 0 |6 891_703000000000000_PAS_1958 |7 0 |8 A |9 314552 |a BIBEDU |b BIBEDU |d 2019-11-20 |i 1487248 |o 891.703 PAS 1958 |p 1487248 |r 2019-11-20 |w 2019-11-20 |y BK |k LIT | ||